000 00565nam a2200193 4500
001 3490
005 20181127171320.0
010 0 0 _a
020 0 0 _a9788177228106
090 0 0 _a657.02853 A2773c 2011
100 0 0 _aAgrawal, Namrata.
245 0 0 _aComdex Tally 9 course kit /
_b
_cNamrata Agrawal.
_h
250 0 0 _a
260 0 0 _aNew Delhi :
_bDreamtech,
_c2011.
300 0 0 _axix, 391 p. ; 23 cm. + 1 CD-ROM (4 3/4 in.)
500 _aCD Available to Accompany Text.
650 0 0 _aComputer software --Accounting.
_x
650 0 0 _aElectronic data processing --Accounting.
_x
999 _c2831
_d2831